00478nam a2200181Ia 4500003000400000005001700004008004100021020001400062040000700076041000800083082002200091100004000113245006100153250000600214260004500220300001700265365001400282OSt20230511093151.0210423s2005 xx 000 0 und d a195826371 cAL aeng a615.19 223bNOGT aNOGRADY (Thomas);WEAVER (Donald F). aMedicinal chemistry: molecular and biochemical approach. a3 aNew DelhibOxford University Pressc2005 axiii,649bPB b3063cINR